| 000 | 00715nam a22002297a 4500 | ||
|---|---|---|---|
| 999 |
_c381872 _d381872 |
||
| 001 | 95622 | ||
| 003 | UA-OsUOA | ||
| 005 | 20200212134907.0 | ||
| 007 | ta | ||
| 008 | 20130305b un ||||| |||| 00| 0 ukr d | ||
| 040 |
_aUA-OsUOA _brus _cUA-OsUOA _dUA-OsUOA |
||
| 041 | _arus | ||
| 080 | _a821.161.1 | ||
| 090 |
_a821.161.1 _bК29 |
||
| 100 | _aКатаев В. П. | ||
| 245 |
_aИзбранное произведения в трех томах: разбитая жизнь, или Волшебный рог Оберона _n2 |
||
| 260 |
_aК. _bХудож. лит. _c1977 |
||
| 300 | _a507 с. | ||
| 650 | 7 |
_a82 Література. Літературознавство _2UDC |
|
| 942 |
_cBK _2udc |
||
| 955 | _a3 | ||